[Event "2. Bundesliga Mitte 2012/2013"]
[Site "Fuerstenfeld"]
[Date "2013.04.20"]
[Round "10"]
[Board "3"]
[White "Radnetter, Georg"]
[Black "Fahrner, Kurt"]
[Result "1-0"]
[WhiteElo "2278"]
[BlackElo "2378"]
[PlyCount "221"]
[EventDate "2012.10.19"]
[EventType "team"]
[EventRounds "11"]
[EventCountry "AUT"]
[WhiteTeam "Schachklub Sparkasse Fuerstenfeld"]
[BlackTeam "ESV Austria Graz"]

1. Nf3 d5 2. d4 Nf6 3. c4 c6 4. e3 Bf5 5. Bd3 Bxd3 6. Qxd3 e6 7. Nbd2 Nbd7 8.
b3 Bb4 9. O-O O-O 10. Bb2 a5 11. a3 Be7 12. e4 dxe4 13. Nxe4 Nxe4 14. Qxe4 Qb6
15. Qc2 Rfd8 16. Rfd1 Bf6 17. Rd3 c5 18. Rad1 a4 19. Ne5 axb3 20. Rxb3 Qc7 21.
Nxd7 Rxd7 22. d5 Bxb2 23. Qxb2 Rad8 24. g3 h5 25. Rbd3 exd5 26. Rxd5 Rxd5 27.
Rxd5 Rxd5 28. cxd5 Qd7 29. Qe5 c4 30. d6 Kf8 31. Qc5 c3 32. Qxc3 Qxd6 33. Qc8+
Ke7 34. Qxb7+ Kf6 35. Qf3+ Kg6 36. Kg2 Qd4 37. h4 f6 38. Kh3 Qc4 39. Kg2 Qd4
40. Kh3 Qc4 41. Kh2 Qd4 42. Qf4 Qd3 43. a4 Qf1 44. a5 Kf7 45. Qd2 g5 46. Qa2+
Kg7 47. hxg5 h4 48. gxh4 Qb5 49. Qe6 fxg5 50. Qe7+ Kh8 51. Qf6+ Kh7 52. Qf7+
Kh6 53. Qf6+ Kh7 54. Qxg5 Qb8+ 55. Qg3 Qa7 56. Qd3+ Kg7 57. Qc3+ Kh7 58. Qc2+
Kh6 59. Qc1+ Kg6 60. Qc6+ Kh5 61. Qg2 Kh6 62. Qg5+ Kh7 63. Qf5+ Kg7 64. Kh3 Qa8
65. f3 Qa6 66. Kg4 Qc4+ 67. Kh5 Qa6 68. Qd7+ Kg8 69. Qd8+ Kh7 70. Qb6 Qa8 71.
Qg6+ Kh8 72. Qf6+ Kh7 73. Qf7+ Kh8 74. Qf6+ Kh7 75. Qf5+ Kg7 76. Qd7+ Kg8 77.
Qe6+ Kg7 78. Qe7+ Kg8 79. Qg5+ Kh8 80. Qe5+ Kg8 81. Kg4 Qa7 82. h5 Qg1+ 83. Qg3
Qc5 84. Qb8+ Kh7 85. Qb7+ Kg8 86. Qb6 Qc4+ 87. Kg3 Qc1 88. Qe6+ Kg7 89. Qe5+
Kg8 90. Qd5+ Kg7 91. Qd4+ Kg8 92. a6 Qe1+ 93. Kg4 Qe6+ 94. Kg5 Qxa6 95. Qd5+
Kf8 96. Qf5+ Ke7 97. h6 Qa1 98. Qh7+ Ke6 99. Qg8+ Kd6 100. Qd8+ Ke6 101. Qc8+
Kd6 102. Qf8+ Ke6 103. Qg8+ Kd6 104. Qg6+ Kd5 105. Qf7+ Kc5 106. Qf5+ Kc4 107.
h7 Qg7+ 108. Qg6 Qe7+ 109. Kg4 Qd7+ 110. Kg3 Qd6+ 111. Qxd6 1-0

[Event "2. Bundesliga Mitte 2012/2013"]
[Site "Fuerstenfeld"]
[Date "2013.04.20"]
[Round "10"]
[Board "4"]
[White "Ebner, Hubert"]
[Black "Schwarhofer, Christopher"]
[Result "1/2-1/2"]
[WhiteElo "2222"]
[BlackElo "2285"]
[PlyCount "72"]
[EventDate "2012.10.19"]
[EventType "team"]
[EventRounds "11"]
[EventCountry "AUT"]
[WhiteTeam "ESV Austria Graz"]
[BlackTeam "Schachklub Sparkasse Fuerstenfeld"]

1. c4 e5 2. Nc3 Nf6 3. g3 d5 4. cxd5 Nxd5 5. Bg2 Nb6 6. Nf3 Nc6 7. O-O Be7 8.
d3 O-O 9. Be3 f5 10. Qc1 Bf6 11. Bg5 Nd4 12. Bxf6 Nxf3+ 13. Bxf3 Rxf6 14. Qe3
Re6 15. Rac1 c6 16. Rfd1 Re8 17. b4 Qd6 18. b5 c5 19. a4 Nd7 20. Qd2 Nf6 21. a5
Rb8 22. Na4 b6 23. e3 Rd8 24. Qb2 g5 25. Qa1 g4 26. Bg2 Bd7 27. Qa2+ Kg7 28.
Qc4 Be6 29. Qc2 Qd7 30. axb6 axb6 31. Qc3 Qxb5 32. Qxe5 Bb3 33. Nc3 Qd7 34. Rd2
h6 35. Ne2 Re8 36. Qb2 Bd5 1/2-1/2

[Event "2. Bundesliga Mitte 2012/2013"]
[Site "Fuerstenfeld"]
[Date "2013.04.20"]
[Round "10"]
[Board "5"]
[White "Hatzl, Stefan"]
[Black "Spindelboeck, Gernot"]
[Result "1/2-1/2"]
[WhiteElo "2183"]
[BlackElo "2233"]
[PlyCount "61"]
[EventDate "2012.10.19"]
[EventType "team"]
[EventRounds "11"]
[EventCountry "AUT"]
[WhiteTeam "Schachklub Sparkasse Fuerstenfeld"]
[BlackTeam "ESV Austria Graz"]

1. e4 e6 2. d4 d5 3. Nc3 Bb4 4. e5 c5 5. a3 Bxc3+ 6. bxc3 Qa5 7. Bd2 Qa4 8. Qb1
c4 9. h4 Nc6 10. h5 h6 11. Be2 Bd7 12. f4 O-O-O 13. Bg4 Nge7 14. Ne2 f5 15. Bf3
Kc7 16. Kf2 Rhg8 17. Qb2 b5 18. Ke3 Rb8 19. Be1 Rgf8 20. Bh4 Nc8 21. Rhg1 Rf7
22. Raf1 N8e7 23. Kd2 a5 24. Ra1 b4 25. axb4 Qb5 26. Qa3 axb4 27. cxb4 Qxb4+
28. Qxb4 Rxb4 29. Rgb1 Rxb1 30. Rxb1 Rf8 31. Ra1 1/2-1/2

[Event "2. Bundesliga Mitte 2012/2013"]
[Site "Fuerstenfeld"]
[Date "2013.04.20"]
[Round "10"]
[Board "1"]
[White "Danner, Georg"]
[Black "Velicka, Petr"]
[Result "0-1"]
[WhiteElo "2344"]
[BlackElo "2469"]
[PlyCount "108"]
[EventDate "2012.10.19"]
[EventType "team"]
[EventRounds "11"]
[EventCountry "AUT"]
[WhiteTeam "Union Styria Graz"]
[BlackTeam "SV Steyregg"]

1. d4 d5 2. Nf3 Nf6 3. c4 dxc4 4. e3 c5 5. Bxc4 a6 6. O-O e6 7. dxc5 Qxd1 8.
Rxd1 Bxc5 9. Nbd2 Nc6 10. Be2 Ke7 11. b3 b5 12. Bb2 Bb7 13. Ng5 Bd6 14. a4 b4
15. Nc4 Bc7 16. Bxf6+ gxf6 17. Nxf7 Rhg8 18. Nfd6 Nd4 19. Nxb7 Nxe2+ 20. Kf1
Nc3 21. Rd4 Rg5 22. h4 Rd5 23. Nb2 Rxd4 24. exd4 Bb6 25. Nc5 Bxc5 26. dxc5 Rd8
27. a5 Ne4 28. Na4 Nd2+ 29. Ke2 Nxb3 30. Rb1 Nd4+ 31. Kd3 Nc6+ 32. Ke3 Rd4 33.
Nb6 e5 34. Rb3 Ke6 35. Rd3 Rxd3+ 36. Kxd3 Nxa5 37. g4 b3 38. Kc3 e4 39. Kb2 f5
40. gxf5+ Kxf5 41. Nd5 h5 42. Kc3 Kg4 43. Kb4 b2 44. Nc3 Nc6+ 45. Kb3 Kxh4 46.
Kxb2 Kg4 47. Nxe4 h4 48. Kc3 h3 49. f3+ Kf4 50. Kc4 h2 51. Nf2 Kxf3 52. Nh1 Kg2
53. Kd5 Na5 54. c6 Nxc6 0-1

[Event "2. Bundesliga Mitte 2012/2013"]
[Site "Fuerstenfeld"]
[Date "2013.04.20"]
[Round "10"]
[Board "2"]
[White "Gergacz, Attila"]
[Black "Wittmann, Walter"]
[Result "1-0"]
[WhiteElo "2393"]
[BlackElo "2245"]
[PlyCount "121"]
[EventDate "2012.10.19"]
[EventType "team"]
[EventRounds "11"]
[EventCountry "AUT"]
[WhiteTeam "SV Steyregg"]
[BlackTeam "Union Styria Graz"]

1. e4 c5 2. Nf3 Nc6 3. d4 cxd4 4. Nxd4 Nf6 5. Nc3 d6 6. f3 e5 7. Nb3 Be7 8. Be3
Be6 9. Nd5 O-O 10. Qd2 Bxd5 11. exd5 Nb8 12. c4 Nbd7 13. Be2 a5 14. a4 Nc5 15.
Nxc5 dxc5 16. O-O Ne8 17. f4 exf4 18. Rxf4 Ra6 19. Bd3 Qc7 20. Rf3 Nf6 21. Raf1
Ng4 22. Rh3 h6 23. Bf4 Bd6 24. Bxd6 Qxd6 25. Bf5 Ne5 26. b3 Ng6 27. Rg3 Qe5 28.
Re3 Qd6 29. Bc2 Qd8 30. Rg3 Rf6 31. Rxf6 Qxf6 32. Rf3 Qd6 33. h3 b6 34. Qf2 Ne7
35. Re3 Ng6 36. g3 Rd8 37. Qf5 Nf8 38. Kg2 g6 39. Qg4 Qf6 40. Rf3 Qb2 41. Rf2
Qg7 42. Re2 Qf6 43. Rf2 Qe7 44. h4 h5 45. Qf4 Nh7 46. Bd3 Rd6 47. Re2 Qd7 48.
Re5 Nf6 49. Rg5 Kg7 50. Qe5 Kf8 51. Qf4 Kg7 52. Be2 Nh7 53. Re5 Nf6 54. Bf3 Nh7
55. Kh2 Nf6 56. Be2 Ng4+ 57. Bxg4 hxg4 58. Re4 Qf5 59. Qxf5 gxf5 60. Re8 Kf6
61. Kg2 1-0

[Event "2. Bundesliga Mitte 2012/2013"]
[Site "Fuerstenfeld"]
[Date "2013.04.20"]
[Round "10"]
[Board "3"]
[White "Manhardt, Thomas"]
[Black "Nemeth, Miklos"]
[Result "0-1"]
[WhiteElo "2152"]
[BlackElo "2446"]
[PlyCount "70"]
[EventDate "2012.10.19"]
[EventType "team"]
[EventRounds "11"]
[EventCountry "AUT"]
[WhiteTeam "Union Styria Graz"]
[BlackTeam "SV Steyregg"]

1. e4 e5 2. Nf3 Nc6 3. d4 exd4 4. Nxd4 Bc5 5. Be3 Qf6 6. c3 Nge7 7. Bc4 b6 8.
O-O Bb7 9. f4 O-O-O 10. a4 Qg6 11. f5 Qf6 12. b4 d5 13. bxc5 dxc4 14. cxb6 axb6
15. Na3 Na5 16. Qe2 Qe5 17. Bf4 Qc5 18. Nab5 Rd7 19. Kh1 Re8 20. Qg4 Bxe4 21.
Rfe1 h5 22. Qh3 Nd5 23. Bg3 Nf6 24. Rad1 Red8 25. Bh4 Bb7 26. Bg3 Nb3 27. Re5
Bd5 28. Rde1 Nxd4 29. Nxd4 Qa3 30. Bf4 Bb7 31. Qg3 Qxa4 32. h3 Nd5 33. Bd2 c5
34. Nf3 Qc2 35. Qxg7 f6 0-1

[Event "2. Bundesliga Mitte 2012/2013"]
[Site "Fuerstenfeld"]
[Date "2013.04.20"]
[Round "10"]
[Board "4"]
[White "Enoeckl, Philipp"]
[Black "Herrmann, Johann"]
[Result "1-0"]
[WhiteElo "2316"]
[BlackElo "2158"]
[PlyCount "109"]
[EventDate "2012.10.19"]
[EventType "team"]
[EventRounds "11"]
[EventCountry "AUT"]
[WhiteTeam "SV Steyregg"]
[BlackTeam "Union Styria Graz"]

1. d4 b6 2. e4 e6 3. Bd3 Bb7 4. Nf3 d6 5. O-O Nd7 6. Re1 Ne7 7. Nbd2 g6 8. Nf1
Bg7 9. Be3 a6 10. Ng3 c5 11. c3 Qc7 12. Rc1 e5 13. a4 h6 14. Bc4 O-O 15. Qd2
Kh7 16. dxe5 Nxe5 17. Nxe5 dxe5 18. Rcd1 Rad8 19. Qc2 Qc6 20. Rxd8 Rxd8 21.
Bxf7 c4 22. Rd1 Rxd1+ 23. Qxd1 b5 24. axb5 axb5 25. Qd8 Qf6 26. Be8 Qf8 27. Bc5
Bf6 28. Bxg6+ Nxg6 29. Qxf8 Nxf8 30. Bxf8 Bg5 31. f3 Kg6 32. Kf1 Bc1 33. Ba3
Bc8 34. Ke2 h5 35. Nf1 Bf4 36. Kd1 h4 37. Bc5 Bg5 38. Be3 Be7 39. Nd2 Be6 40.
Kc2 Bg5 41. Bxg5 Kxg5 42. Kd1 Kf4 43. Ke2 Bf7 44. Nb1 Kg5 45. Na3 Be8 46. Nc2
Kf6 47. Ne3 Bd7 48. Nd5+ Ke6 49. Ne3 Kf6 50. Nf5 Kg5 51. Ke3 Be6 52. g3 h3 53.
g4 Bd7 54. Kf2 Kf4 55. Ne7 1-0

[Event "2. Bundesliga Mitte 2012/2013"]
[Site "Fuerstenfeld"]
[Date "2013.04.20"]
[Round "10"]
[Board "5"]
[White "Stagl, Marco"]
[Black "Wiesinger, Robert"]
[Result "1/2-1/2"]
[WhiteElo "2079"]
[BlackElo "2244"]
[PlyCount "85"]
[EventDate "2012.10.19"]
[EventType "team"]
[EventRounds "11"]
[EventCountry "AUT"]
[WhiteTeam "Union Styria Graz"]
[BlackTeam "SV Steyregg"]

1. Nf3 d5 2. d4 c6 3. g3 Bg4 4. Bg2 Nd7 5. Nbd2 Ngf6 6. O-O e6 7. h3 Bh5 8. b3
a5 9. a4 Bb4 10. Bb2 O-O 11. c3 Bd6 12. c4 Bb4 13. g4 Bg6 14. Nh4 Qb6 15. Nxg6
hxg6 16. c5 Qc7 17. Nf3 Ne4 18. Qc2 b6 19. cxb6 Qxb6 20. Ne5 Nxe5 21. dxe5 Nxf2
22. Rxf2 Bc5 23. e4 Rab8 24. Bc3 Qxb3 25. Qxb3 Rxb3 26. Bxa5 Ra8 27. Be1 Bd4
28. Raa2 Rb1 29. Kf1 Bxf2 30. Kxf2 Rab8 31. Bc3 R8b3 32. Ba1 Rb8 33. a5 Ra8 34.
a6 Rb6 35. a7 Rb7 36. Bd4 Rb4 37. Bc5 Rb5 38. Be3 Rb4 39. Bc5 Rb5 40. Bd6 Rb7
41. Bc5 Rb5 42. Be3 Rb4 43. Bc5 1/2-1/2

[Event "2. Bundesliga Mitte 2012/2013"]
[Site "Fuerstenfeld"]
[Date "2013.04.20"]
[Round "10"]
[Board "6"]
[White "Forstner, Joerg"]
[Black "Kozomara, David"]
[Result "1-0"]
[WhiteElo "2127"]
[BlackElo "1922"]
[PlyCount "77"]
[EventDate "2012.10.19"]
[EventType "team"]
[EventRounds "11"]
[EventCountry "AUT"]
[WhiteTeam "SV Steyregg"]
[BlackTeam "Union Styria Graz"]

1. d4 Nf6 2. Nf3 c5 3. d5 e6 4. c4 b5 5. dxe6 fxe6 6. cxb5 d5 7. Bg5 Be7 8. e3
O-O 9. Be2 Nbd7 10. Nc3 Bb7 11. O-O Qb8 12. Qc2 Bd6 13. h3 e5 14. Nd2 e4 15.
Rad1 h6 16. Bxf6 Nxf6 17. Nb3 Qe8 18. Na5 Qe5 19. g3 Bc8 20. Nxd5 Bxh3 21. Nc4
Qe6 22. Nxf6+ Rxf6 23. Rxd6 Qf5 24. Rxf6 Qxf6 25. Rd1 Rf8 26. Bf1 Bg4 27. Rd2
Bf3 28. Qc3 Qg5 29. Qe5 Rf5 30. Qe8+ Rf8 31. Qe6+ Kh7 32. Nd6 Qh5 33. Bh3 Rf6
34. Qd7 Kh8 35. Ne8 Rf7 36. Qe6 Rf8 37. Nxg7 Kxg7 38. Rd7+ Kh8 39. Qe7 1-0

[Event "2. Bundesliga Mitte 2012/2013"]
[Site "Fuerstenfeld"]
[Date "2013.04.20"]
[Round "10"]
[Board "1"]
[White "Mohr, Georg"]
[Black "Flumbort, Andras"]
[Result "1/2-1/2"]
[WhiteElo "2483"]
[BlackElo "2492"]
[PlyCount "106"]
[EventDate "2012.10.19"]
[EventType "team"]
[EventRounds "11"]
[EventCountry "AUT"]
[WhiteTeam "StrassenbahnGraz"]
[BlackTeam "ASK St. Valentin"]

1. Nf3 c5 2. c4 Nc6 3. Nc3 e5 4. g3 g6 5. Bg2 Bg7 6. O-O d6 7. d3 Nge7 8. Ne1
Be6 9. Nd5 O-O 10. Nc2 Rb8 11. a4 Qd7 12. Bd2 Bh3 13. Nxe7+ Nxe7 14. e4 Bxg2
15. Kxg2 f5 16. f3 h5 17. h3 f4 18. g4 g5 19. Be1 Kf7 20. b4 Rh8 21. Bf2 b6 22.
a5 bxa5 23. bxc5 Nc6 24. d4 hxg4 25. hxg4 exd4 26. Nxd4 Nxd4 27. Bxd4 dxc5 28.
Bxg7 Qxd1 29. Rfxd1 Kxg7 30. Rd2 Rhd8 31. Rxd8 Rxd8 32. Rxa5 Rd2+ 33. Kf1 Rc2
34. Rxc5 Kf6 35. Ke1 Rc3 36. Ke2 Rc2+ 37. Kd3 Rf2 38. Rf5+ Kg6 39. Ra5 Rxf3+
40. Kd4 Rg3 41. c5 Rxg4 42. c6 Rh4 43. c7 Rh8 44. Rc5 Rc8 45. Ke5 f3 46. Kd6 g4
47. Rf5 a5 48. Kd7 Rxc7+ 49. Kxc7 a4 50. Rf4 Kg5 51. Rf5+ Kg6 52. Rf4 Kg5 53.
Rf5+ Kg6 1/2-1/2

[Event "2. Bundesliga Mitte 2012/2013"]
[Site "Fuerstenfeld"]
[Date "2013.04.20"]
[Round "10"]
[Board "2"]
[White "Gonda, Laszlo"]
[Black "Grunberg, Mihai-Lucian"]
[Result "1-0"]
[WhiteElo "2528"]
[BlackElo "2426"]
[PlyCount "124"]
[EventDate "2012.10.19"]
[EventType "team"]
[EventRounds "11"]
[EventCountry "AUT"]
[WhiteTeam "ASK St. Valentin"]
[BlackTeam "StrassenbahnGraz"]

1. d4 f5 2. g3 Nf6 3. Bg2 c6 4. Nf3 e6 5. O-O d5 6. b3 Bd6 7. Ba3 Bxa3 8. Nxa3
Qe7 9. Qc1 O-O 10. c4 Bd7 11. Nc2 Be8 12. Nce1 Bh5 13. Nd3 Nbd7 14. Re1 a5 15.
Rb1 Ne4 16. c5 h6 17. b4 axb4 18. Rxb4 Ra7 19. Qb2 Rfa8 20. Ra1 Nf8 21. Nfe5
Ng5 22. a4 Nf7 23. Bf3 Nxe5 24. Nxe5 Be8 25. e3 Qc7 26. Rb1 Rb8 27. Rb6 Ng6 28.
Nd3 Nf8 29. a5 Nd7 30. a6 Rxa6 31. Rxb7 Rxb7 32. Qxb7 Ra7 33. Qxc7 Rxc7 34. Ra1
Kf7 35. Bd1 Ke7 36. Ra6 g5 37. Kg2 Nb8 38. Rb6 Nd7 39. Ra6 Nb8 40. Ra2 g4 41.
h3 h5 42. f3 gxf3+ 43. Kxf3 h4 44. g4 Nd7 45. Kf4 fxg4 46. Bxg4 Kf6 47. Ra8 Bf7
48. Ra6 Bg8 49. Bh5 Bh7 50. Nb4 Rb7 51. Nxc6 Rb2 52. Ra7 Rf2+ 53. Kg4 e5 54.
Kxh4 Bf5 55. dxe5+ Nxe5 56. Nxe5 Kxe5 57. Re7+ Kf6 58. Rf7+ Ke6 59. c6 Rc2 60.
c7 Be4 61. Kg5 Kd6 62. h4 Rc5 1-0

[Event "2. Bundesliga Mitte 2012/2013"]
[Site "Fuerstenfeld"]
[Date "2013.04.20"]
[Round "10"]
[Board "5"]
[White "Pesorda, Ivan"]
[Black "Theuretzbacher, Klaus"]
[Result "1-0"]
[WhiteElo "2274"]
[BlackElo "2234"]
[PlyCount "73"]
[EventDate "2012.10.19"]
[EventType "team"]
[EventRounds "11"]
[EventCountry "AUT"]
[WhiteTeam "StrassenbahnGraz"]
[BlackTeam "ASK St. Valentin"]

1. d4 Nf6 2. c4 e6 3. Nc3 Bb4 4. Qc2 c5 5. dxc5 O-O 6. Nf3 Bxc5 7. Bg5 Nc6 8.
e3 h6 9. Bh4 b6 10. Be2 Bb7 11. O-O Be7 12. Rad1 Nb4 13. Qb1 a6 14. Rd2 Qc7 15.
Rfd1 Rfd8 16. Bg3 d6 17. Rc1 Qb8 18. a3 Nc6 19. b4 Nh5 20. Bh4 g5 21. b5 Na5
22. Nd4 Nf6 23. Bg3 Rc8 24. bxa6 Bxa6 25. Ncb5 Bb7 26. f3 Ra6 27. Nxe6 Ne8 28.
Ned4 Ng7 29. Nf5 Nxf5 30. Qxf5 Nb3 31. Nxd6 Bxd6 32. Rxd6 Nxc1 33. Rd7 Nxe2+
34. Kf2 Rf8 35. Bxb8 Bc8 36. Be5 Ra5 37. Qf6 1-0

[Event "2. Bundesliga Mitte 2012/2013"]
[Site "Fuerstenfeld"]
[Date "2013.04.20"]
[Round "10"]
[Board "6"]
[White "Heimberger, Reinhard"]
[Black "Steiner, Stefan"]
[Result "1-0"]
[WhiteElo "2300"]
[BlackElo "2249"]
[PlyCount "49"]
[EventDate "2012.10.19"]
[EventType "team"]
[EventRounds "11"]
[EventCountry "AUT"]
[WhiteTeam "ASK St. Valentin"]
[BlackTeam "StrassenbahnGraz"]

1. d4 Nc6 2. d5 Ne5 3. f4 Ng6 4. e4 e6 5. dxe6 fxe6 6. Nf3 Bc5 7. Nc3 Nf6 8. e5
Ng4 9. Ne4 Be3 10. Nfg5 Bxc1 11. Rxc1 Nh6 12. Qh5 O-O 13. g3 Qe8 14. Nxh7 Kxh7
15. Bd3 Rf5 16. Ng5+ Kg8 17. O-O d5 18. g4 Rf8 19. Bxg6 Qa4 20. Bh7+ Kh8 21.
Bd3 Qe8 22. Qh4 Bd7 23. Nh7 Qd8 24. g5 Rf5 25. Nf6 1-0

[Event "2. Bundesliga Mitte 2012/2013"]
[Site "Fuerstenfeld"]
[Date "2013.04.21"]
[Round "11"]
[Board "1"]
[White "Haba, Petr"]
[Black "Kozul, Zdenko"]
[Result "1/2-1/2"]
[WhiteElo "2463"]
[BlackElo "2621"]
[PlyCount "62"]
[EventDate "2012.10.19"]
[EventType "team"]
[EventRounds "11"]
[EventCountry "AUT"]
[WhiteTeam "Spg. Grieskirchen/B.Schallerbach"]
[BlackTeam "Schachverein Wolfsberg"]

1. e4 c5 2. Nf3 d6 3. d4 cxd4 4. Nxd4 Nf6 5. Nc3 Nc6 6. Bg5 e6 7. Qd2 a6 8.
O-O-O Bd7 9. f4 b5 10. Bxf6 gxf6 11. Kb1 Rc8 12. Nxc6 Bxc6 13. Bd3 h5 14. Rhe1
h4 15. Qf2 Rb8 16. f5 e5 17. Bf1 Qb6 18. Qxb6 Rxb6 19. Nd5 Bxd5 20. Rxd5 Bh6
21. c4 bxc4 22. Bxc4 Ke7 23. Rd3 Rc8 24. Bd5 a5 25. Rb3 Rxb3 26. Bxb3 Bd2 27.
Rd1 Bf4 28. g3 hxg3 29. hxg3 Bxg3 30. Rc1 Rxc1+ 31. Kxc1 Kd7 1/2-1/2

[Event "2. Bundesliga Mitte 2012/2013"]
[Site "Fuerstenfeld"]
[Date "2013.04.21"]
[Round "11"]
[Board "2"]
[White "Stevic, Hrvoje"]
[Black "Kilgus, Georg"]
[Result "1-0"]
[WhiteElo "2616"]
[BlackElo "2400"]
[PlyCount "69"]
[EventDate "2012.10.19"]
[EventType "team"]
[EventRounds "11"]
[EventCountry "AUT"]
[WhiteTeam "Schachverein Wolfsberg"]
[BlackTeam "Spg. Grieskirchen/B.Schallerbach"]

1. e4 d6 2. d4 Nf6 3. Nc3 g6 4. Be3 a6 5. h3 Bg7 6. Bd3 Nc6 7. Nf3 e5 8. dxe5
Nxe5 9. Nxe5 dxe5 10. Qf3 Be6 11. O-O-O Qe7 12. Be2 c6 13. Bg5 h6 14. Bh4 O-O
15. Rd3 Rfd8 16. Rhd1 Rxd3 17. Qxd3 Qc7 18. a3 h5 19. Kb1 Nd7 20. g4 hxg4 21.
hxg4 f6 22. g5 f5 23. Qd6 Qxd6 24. Rxd6 Re8 25. exf5 gxf5 26. Bh5 Re7 27. Kc1
e4 28. Bg3 Be5 29. Bxe5 Nxe5 30. Ne2 Bf7 31. g6 Be8 32. Nf4 Bd7 33. Be2 Rg7 34.
Nh5 Rxg6 35. Rxg6+ 1-0

[Event "2. Bundesliga Mitte 2012/2013"]
[Site "Fuerstenfeld"]
[Date "2013.04.21"]
[Round "11"]
[Board "4"]
[White "Steflitsch, Erich"]
[Black "Schwabeneder, Florian"]
[Result "0-1"]
[WhiteElo "2382"]
[BlackElo "2291"]
[PlyCount "83"]
[EventDate "2012.10.19"]
[EventType "team"]
[EventRounds "11"]
[EventCountry "AUT"]
[WhiteTeam "Schachverein Wolfsberg"]
[BlackTeam "Spg. Grieskirchen/B.Schallerbach"]

1. e4 e6 2. d4 d5 3. Nc3 Nc6 4. Nf3 Nf6 5. e5 Ne4 6. Bd3 Bb4 7. Bd2 Nxd2 8.
Qxd2 f6 9. Bb5 Bd7 10. Bxc6 Bxc6 11. a3 Be7 12. exf6 gxf6 13. O-O Qd6 14. Rfe1
O-O-O 15. Qe3 Bd7 16. Ne2 Bf8 17. Qf4 Bg7 18. Qxd6 cxd6 19. Nf4 Rhe8 20. Nh5
Bh8 21. Rad1 Re7 22. h3 Be8 23. Nf4 Kd7 24. g3 Bg7 25. Nh4 Bf7 26. g4 Ree8 27.
Kg2 Rc8 28. c3 a5 29. Re2 Bh6 30. Kf3 Rg8 31. Nhg2 b5 32. Ne3 Rb8 33. Rde1 Rge8
34. Ra1 Kc6 35. Rd1 Rbd8 36. Red2 Bg5 37. Kg3 Rg8 38. Kf3 h5 39. Rg1 hxg4+ 40.
hxg4 e5 41. Ne2 f5 42. b3 0-1

[Event "2. Bundesliga Mitte 2012/2013"]
[Site "Fuerstenfeld"]
[Date "2013.04.21"]
[Round "11"]
[Board "6"]
[White "Waldmann, Gerald"]
[Black "Hawelka, Franz"]
[Result "1/2-1/2"]
[WhiteElo "2166"]
[BlackElo "2089"]
[PlyCount "84"]
[EventDate "2012.10.19"]
[EventType "team"]
[EventRounds "11"]
[EventCountry "AUT"]
[WhiteTeam "Schachverein Wolfsberg"]
[BlackTeam "Spg. Grieskirchen/B.Schallerbach"]

1. e4 e5 2. Nc3 Nc6 3. Bc4 Bc5 4. Qg4 g6 5. Qg3 d6 6. Nge2 Be6 7. Bb5 Qd7 8. d3
f6 9. Be3 Bb6 10. Nd5 Qf7 11. c4 O-O-O 12. Bxc6 bxc6 13. Ndc3 Ne7 14. f4 exf4
15. Nxf4 g5 16. Nxe6 Qxe6 17. O-O Ng6 18. Qf2 Rhf8 19. Bxb6 axb6 20. Qf5 Kd7
21. d4 Qxf5 22. Rxf5 h5 23. Raf1 Ke7 24. g3 h4 25. Kf2 hxg3+ 26. hxg3 Rh8 27.
Kg2 Rdf8 28. Rh1 Kf7 29. Rff1 Ne7 30. Nd1 Rxh1 31. Kxh1 Kg6 32. Ne3 f5 33. Kg2
Rf7 34. exf5+ Nxf5 35. Nxf5 Rxf5 36. Rxf5 Kxf5 37. Kf3 g4+ 38. Ke3 c5 39. d5
Ke5 40. a4 Kf5 41. Kd3 Ke5 42. Ke3 Kf5 1/2-1/2

[Event "2. Bundesliga Mitte 2012/2013"]
[Site "Fuerstenfeld"]
[Date "2013.04.21"]
[Round "11"]
[Board "1"]
[White "Renner, Christoph"]
[Black "Tratar, Marko"]
[Result "1/2-1/2"]
[WhiteElo "2458"]
[BlackElo "2508"]
[PlyCount "84"]
[EventDate "2012.10.19"]
[EventType "team"]
[EventRounds "11"]
[EventCountry "AUT"]
[WhiteTeam "Spg. Sauwald"]
[BlackTeam "Schachclub MPOE Maria Saal"]

1. d4 Nf6 2. Bf4 g6 3. e3 Bg7 4. Nf3 d6 5. Be2 O-O 6. O-O c5 7. c3 b6 8. a4
cxd4 9. exd4 Ba6 10. Bxa6 Nxa6 11. Re1 Nc7 12. Na3 a6 13. Qe2 Re8 14. c4 Qd7
15. Bg3 Nh5 16. Nc2 e5 17. dxe5 dxe5 18. Red1 Nxg3 19. hxg3 Qe7 20. Ne3 Rad8
21. Rxd8 Rxd8 22. Rd1 e4 23. Ne1 Rxd1 24. Nxd1 Qd7 25. b3 a5 26. Ne3 Qd4 27.
N3c2 Qc3 28. Qxe4 Qxb3 29. Qc6 Ne6 30. Kh2 Bf8 31. Ne3 Kg7 32. Nf3 Bc5 33. Ng4
Qxc4 34. Nge5 Qc2 35. Qd7 Qb3 36. Qc6 Qc4 37. Ng4 Qc2 38. Nge5 Qf5 39. Qd7 Qf6
40. g4 Qf5 41. Qc6 Be3 42. Qd7 Ng5 1/2-1/2

[Event "2. Bundesliga Mitte 2012/2013"]
[Site "Fuerstenfeld"]
[Date "2013.04.21"]
[Round "11"]
[Board "2"]
[White "Handler, Lukas"]
[Black "Taggatz, Mario"]
[Result "1-0"]
[WhiteElo "2369"]
[BlackElo "2303"]
[PlyCount "87"]
[EventDate "2012.10.19"]
[EventType "team"]
[EventRounds "11"]
[EventCountry "AUT"]
[WhiteTeam "Schachclub MPOE Maria Saal"]
[BlackTeam "Spg. Sauwald"]

1. d4 e6 2. c4 f5 3. Nf3 Nf6 4. g3 Be7 5. Bg2 d6 6. Nc3 Ne4 7. O-O O-O 8. Qd3
Nxc3 9. bxc3 Nc6 10. e4 e5 11. dxe5 dxe5 12. Qd5+ Kh8 13. exf5 Bxf5 14. Re1 Bf6
15. Ba3 Re8 16. Rad1 Qc8 17. Qd2 Rd8 18. Qe3 Rxd1 19. Rxd1 h6 20. Nd2 Qd7 21.
Bd5 Bg5 22. Qe2 Bxd2 23. Rxd2 Rd8 24. Bc1 Qe7 25. Qh5 Qf6 26. h4 e4 27. Bxc6
Rxd2 28. Bxd2 bxc6 29. Be3 a6 30. Qe8+ Kh7 31. Bd4 Qe6 32. Qf8 Qd7 33. Bxg7 e3
34. Qh8+ Kg6 35. Qxh6+ Kf7 36. Qf6+ Kg8 37. Qf8+ Kh7 38. Qh8+ Kg6 39. h5+ Kg5
40. Bh6+ Kg4 41. Bxe3 Qd1+ 42. Kh2 Be4 43. Qg7+ Kf5 44. Qf7+ 1-0

[Event "2. Bundesliga Mitte 2012/2013"]
[Site "Fuerstenfeld"]
[Date "2013.04.21"]
[Round "11"]
[Board "3"]
[White "Schmidt, Peter"]
[Black "Schachinger, Mario"]
[Result "1/2-1/2"]
[WhiteElo "2386"]
[BlackElo "2426"]
[PlyCount "60"]
[EventDate "2012.10.19"]
[EventType "team"]
[EventRounds "11"]
[EventCountry "AUT"]
[WhiteTeam "Spg. Sauwald"]
[BlackTeam "Schachclub MPOE Maria Saal"]

1. d4 Nf6 2. Nf3 d5 3. c4 e6 4. g3 Bb4+ 5. Bd2 Be7 6. Bg2 O-O 7. Qb3 c6 8. O-O
dxc4 9. Qxc4 b5 10. Qc2 a5 11. Rd1 Bb7 12. Bg5 Nbd7 13. Nc3 Rc8 14. Bxf6 Nxf6
15. Ne4 Nxe4 16. Qxe4 Rc7 17. Qd3 Qb8 18. Rac1 c5 19. Qxb5 Bxf3 20. Qxb8 Rxb8
21. Bxf3 Rxb2 22. dxc5 Rxc5 23. Rxc5 Bxc5 24. Rd8+ Bf8 25. a4 Ra2 26. Rd4 g6
27. Kf1 Ra1+ 28. Kg2 Ra2 29. Kf1 Ra1+ 30. Kg2 Ra2 1/2-1/2

[Event "2. Bundesliga Mitte 2012/2013"]
[Site "Fuerstenfeld"]
[Date "2013.04.21"]
[Round "11"]
[Board "4"]
[White "Hartl, Daniel"]
[Black "Testor, Sebastian"]
[Result "1/2-1/2"]
[WhiteElo "2275"]
[BlackElo "2308"]
[PlyCount "59"]
[EventDate "2012.10.19"]
[EventType "team"]
[EventRounds "11"]
[EventCountry "AUT"]
[WhiteTeam "Schachclub MPOE Maria Saal"]
[BlackTeam "Spg. Sauwald"]

1. d4 e6 2. c4 Nf6 3. Nf3 b6 4. g3 Ba6 5. Qc2 Bb7 6. Bg2 c5 7. O-O cxd4 8. Nxd4
Bxg2 9. Kxg2 Qc8 10. Rd1 Be7 11. e4 d6 12. Qe2 O-O 13. Nc3 Nc6 14. Be3 Nxd4 15.
Bxd4 Qc6 16. f3 Rfc8 17. b3 Qb7 18. Rac1 Nd7 19. Qb2 Bf8 20. h4 a6 21. a4 Nb8
22. Qf2 Nd7 23. h5 h6 24. Be3 Be7 25. Bf4 Ne5 26. g4 Rd8 27. Rd2 Bg5 28. Qe3
Qe7 29. Rcd1 Rab8 30. Bxg5 1/2-1/2